Przywódcy ZSRR (podchwytliwe) - Statystyki

Ogólne statystyki
  • Ten quiz został rozwiązany 33 razy
  • Średni wynik to 3 z 17
Statystyki odpowiedzi
Hint Odpowiedź % Poprawnych
1988-1991 Michaił Gorbaczow
88%
1977-1982 Leonid Breżniew
31%
1983-1984 Jurij Andropow
25%
1984-1985 Konstantin Czernienko
25%
1917 Lew Kamieniew
13%
1919-1946 Michaił Kalinin
13%
1960-1964 Leonid Breżniew
9%
1964-1965 Anastas Mikojan
6%
1985-1988 Andriej Gromyko
6%
1917-1919 Jakow Swierdłow
6%
1954-1960 Klimient Woroszyłow
6%
1919 Michaił Władimirski
6%
1965-1977 Nikołaj Podgorny
6%
1946-1954 Nikołaj Szwernik
6%
1982-1983 Wasilij Kuzniecow
6%
1984 Wasilij Kuzniecow
6%
1985 Wasilij Kuzniecow
6%
Nie znaleziono quizów pasujących do podanych kryteriów
Rozkład punktacji
Procent ludzi z każdym wynikiem
Percentyl według liczby udzielonych odpowiedzi
Twoja historia wyników
Nie rozwiązałeś tego quizu